banner-ar

تكنولوجيا واوضاع التصوير والتشريح الاشعاعى / (Record no. 7360)

MARC details
000 -الفاتح
حقل البيانات ثابتة الطول 00708nam a2200217Ia 4500
008 - عناصر البيانات ثابتة الطول - معلومات عامة
حقل البيانات ثابتة الطول 140319s9999 xx 000 0 ara d
020 ## - الرقم الدولى المعيارى للكتب
الرقم الدولى المعيارى للكتاب *187217977
040 ## - مصدر الفهرسة
وكالة الفهرسة الأصلية GCL /
وكالة النسخ GCL
082 04 - رقم تصنيف ديوى العشرى
رقم التصنيف 778.3
رقم المادة م ت
100 1# - المدخل الرئيسى - إسم شخصى
الإسم الشخصى ماهر محمدى يس
245 10 - بيان العنوان
العنوان تكنولوجيا واوضاع التصوير والتشريح الاشعاعى /
بيان المسئوليه,etc ماهر محمدى يس
300 ## - الوصف المادى
التعداد 447 ص ؛
أبعاد الوعاء 25 سم
490 ## - بيان السلسلة
عنوان السلسلة سلسلة مكتبة الاشعة والتصوير الطبى
رقم المجلد/ التعيين التسلسلي 0
650 04 - المدخل الاضافى بالموضوع-مصطلح موضوعى
مصطلح موضوعي الاشعة
650 04 - المدخل الاضافى بالموضوع-مصطلح موضوعى
مصطلح موضوعي التشريح
650 04 - المدخل الاضافى بالموضوع-مصطلح موضوعى
مصطلح موضوعي التصوير العلمى
650 04 - المدخل الاضافى بالموضوع-مصطلح موضوعى
مصطلح موضوعي التصوير بالاشعة
650 04 - المدخل الاضافى بالموضوع-مصطلح موضوعى
مصطلح موضوعي التصوير الطبى
942 ## - عناصر المدخل الإضافي( كوها)
مصدر التصنيف او مخطط الترفيف Dewey Decimal Classification
Koha [default] item type كتاب
Holdings
حالة التراجع حالة الفقد حالة تلف ليس للاعارة المكان المؤقت الموقع الحالى تاريخ الاكتساب اجمالي اﻻعارات رقم الطلب الباركود تاريخ اخر مشاهدة تاريخ تفعيل السعر نوع وعاء كوها
        مكتبة القاهرة الكبرى مكتبة القاهرة الكبرى 03/26/2014   778.3 \ م ت 15245 03/26/2014 03/26/2014 كتاب

Powered By

EGPV